Educación y lucha de clases /

Análisis histórico de la educación desde una perspectiva materialista. Se inicia con la educación en la edad primitiva; continúa con la educación del hombre en la antigüedad clásica griega y romana; la educación del hombre feudal; la educación del hombre burgués desde el renacimiento hasta el siglo...

Descrizione completa

Salvato in:
Dettagli Bibliografici
Autore principale: Ponce, Aníbal (autor)
Natura: Libro
Lingua:spagnolo
Pubblicazione: México : Editores Mexicanos Unidos, 1983 c1983
Edizione:6a edición
Serie:(Literatura Universal)
Soggetti:
Tags: Aggiungi Tag
Nessun Tag, puoi essere il primo ad aggiungerne!!

MARC

LEADER 00000nam^a2200000^a^4500
001 000001171
005 20250521000000.0
009 20260310083056.585
020 |a 968-15-0062-8 
037 |a Acervo ITESO - Biblioteca 
041 |a ESP 
082 |a 370. 19  |b PON 
100 |a Ponce, Aníbal  |e (autor) 
245 1 0 |a Educación y lucha de clases /  |c A. Ponce ; prelim. de Emilio Troise. 
250 |a 6a edición 
264 4 |a México :  |b Editores Mexicanos Unidos,  |c 1983 c1983 
300 |a 245 p. 
336 |a texto  |b txt  |2 rdacontenido 
337 |a sin mediación  |b n  |2 rdamedio 
338 |a volumen  |b nc  |2 rdasoporte 
440 1 |a (Literatura Universal) 
520 |a Análisis histórico de la educación desde una perspectiva materialista. Se inicia con la educación en la edad primitiva; continúa con la educación del hombre en la antigüedad clásica griega y romana; la educación del hombre feudal; la educación del hombre burgués desde el renacimiento hasta el siglo XIX y termina con la nueva educación, la educación marxista, entendiendo a la pedagogía como la ciencia de transformar las sociedades. 
649 |a XX 
650 |a Materialismo Histórico y Dialéctico 
650 |a Marxismo 
650 |a Socialismo 
650 |a Educación -  |x Historia 
650 |a Educación y Sociedad 
650 |a Educación y Política -  |x Tema Principal 
650 |a Sociología de la Educación 
910 |a Fondo General 
920 |a Impresos - Libros 
930 |a Colección General 
905 |a 101 
901 |a 0011710100  |b IT1  |c ACC  |i 001171  |u 20250521 
902 |a https://opac.biblio.iteso.mx/vufind/Record/000001171